Fun with hieroglyphs /
Introduces Egyptian hieroglyphs, indicates how they correspond to the English alphabet, and explains how to use them to write words and sentences. Includes rubber stamps and an ink pad for printing messages.
المؤلف الرئيسي:
مؤلف مشترك:
التنسيق: كتاب
اللغة: English
منشور في:
New York :
Metropolitan Museum of Art : Viking,
1990.
الموضوعات:
الوسوم: إضافة وسم
رقم الطلب: PJ1097 .R64
| LEADER | 01590nam a22003977a 4500 | ||
|---|---|---|---|
| 003 | OSt | ||
| 005 | 20260505052900.0 | ||
| 008 | 260505t1990 nyua j 000 0 eng | ||
| 010 | |a 91169201 | ||
| 020 | |a 0870996002 |q MMA | ||
| 020 | |a 0670835765 |q Viking | ||
| 020 | |a 9780870996009 |q (MMA) | ||
| 020 | |a 9780670835768 |q (Viking) | ||
| 035 | |a 2494983 | ||
| 040 | |a DLC |c DLC | ||
| 042 | |a lcac | ||
| 050 | 1 | 4 | |a PJ1097 |b .R64 |
| 082 | 0 | 0 | |a 493/.1 |2 20 |
| 100 | 1 | |a Roehrig, Catharine H. | |
| 245 | 1 | 0 | |a Fun with hieroglyphs / |c by Catharine Roehrig. |
| 260 | |a New York : |b Metropolitan Museum of Art : |b Viking, |c 1990. | ||
| 300 | |a 63 p. : |b ill. ; |c 14 x 15 cm. | ||
| 336 | |a text |b txt |2 rdacontent | ||
| 337 | |a unmediated |b n |2 rdamedia | ||
| 338 | |a volume |b nc |2 rdacarrier | ||
| 500 | |a Issued in a case (29 cm.) with 24 rubber stamps and ink pad. | ||
| 520 | |a Introduces Egyptian hieroglyphs, indicates how they correspond to the English alphabet, and explains how to use them to write words and sentences. Includes rubber stamps and an ink pad for printing messages. | ||
| 650 | 0 | |a Egyptian language |x Writing, Hieroglyphic |x Juvenile literature. | |
| 650 | 1 | |a Egyptian language |x Writing, Hieroglyphic. | |
| 650 | 1 | |a Hieroglyphics. | |
| 710 | 2 | |a Metropolitan Museum of Art (New York, N.Y.) | |
| 906 | |a 7 |b cbu |c orignew |d 2 |e ncip |f 19 |g y-gencatlg | ||
| 942 | |2 lcc |c BK | ||
| 955 | |a bx55 07-05-91; by01 to br00 07-17-91; br11 to SCD 01-13-92; fb13 10-21-92; fa03 01-22-92; fm31 03-03-92 | ||
| 955 | |a LCAP batch update 2025-06-02-04:00: LCAPM-644, LCAPM-150 | ||
| 999 | |c 62232 |d 62232 | ||
